Les plus grandes îles de la Méditerranée - Statistiques

Statistiques générales
  • Ce quiz a été pris 60 fois
  • Le résultat moyen est 8 sur 15
Statistiques - réponses
Superficie (km²) Pays Réponse % Correct
8 681 km² France Corse
98%
23 813 km² Italie Sardaigne
98%
25 460 km² Italie Sicile
98%
9 251 km² - Chypre
87%
8 261 km² Grèce Crète
83%
577 km² Espagne Ibiza
69%
3 640 km² Espagne Majorque
69%
692 km² Espagne Minorque
61%
1 410 km² Grèce Rhodes
48%
523 km² Tunisie Djerba
46%
592 km² Grèce Corfou
30%
1 641 km² Grèce Lesbos
28%
3 655 km² Grèce Eubée
17%
822 km² Grèce Chios
9%
775 km² Grèce Céphalonie
4%
Aucun quiz correspondant
Distribution des résultats
% des personnes avec chaque résultat
Percentile par nombre de réponses
Votre historique - résultats
Vous n’avez pas pris ce quiz